000 00425nam a2200181Ia 4500
001 22231
005 20260414150817.0
008 260414t2013||||xx |||||||||||||| ||spa||
041 _aESP
082 _a621.04
_bM86
100 _aMoro Vallina, Miguel
_eAUT
245 0 _aTecnologĂ­a industrial I
_b
260 _c2013
300 _a305 páginas :
_c27 cm.
650 _aTCA
654 _aCET
942 _cLIB
_dJUS
_fJUS
_2ddc
_n
999 _c22231
_d22231